LEADER 00889nam a2200229 i 4500 001 000000141317 003 CaOOAMICUS 005 20231124102440.0 008 050714s1944 it u000 u ita u 013 $a115732 040 $aSeMil$bita 100 1 $aDezza, Paolo,$c.$0(OLS)http://semarc/name/5357 245 10$a2: Filosofia morale. 300 $a291 p. ;$c21 cm. 490 0 $aPensatori italiani ;$v4 650 4$aTomismo - Italia - Sec. 19.$0(OLS)http://semarc/subject/13859 773 0 $aDezza, Paolo $tNeotomisti italiani del 19. secolo.$dMilano : Fratelli Bocca, 1942-1944.$g2$w()13887 830 0$aPensatori italiani ;$v4.$0(OLS)http://semarc/title/18469 850 $aSeMil 852 $aSeMil$W1$xVenegono$y1$m2R II 182$j94561$B94561$CSeMilBibl$Z2$F100334 $81 996 $6245$a2: Filosofia morale$9(OLS)http://semarc/title/446453 LEADER 01109nam a2200265 i 4500 001 000000342306 003 CaOOAMICUS 005 20251106141859.0 008 200928s2019 it a u000 u ita u 013 $a173835 020 $a978-88-8057-798-0 040 $aSeMil$bita 240 10$aQiddushìn.$0(OLS)http://semarc/title/440255 245 00$a19: Trattato Qiddushìn (Matrimonio) /$ccuratore Riccardo Shemuel Di Segni. 264 1$aFirenze :$bGiuntina,$c2019. 300 $a2 v. :$bill. ;$c31 cm 546 $aTesto in ebraico e traduzione e commento in italiano 700 1 $aDi Segni, Riccardo,$c.$0(OLS)http://semarc/name/92795 773 0 $tTalmud babilonese.$dFirenze : Giuntina, 2016-$w()25056 774 0 $tTomo 1.$dFirenze : Giuntina, 2019.$w()342308 774 0 $tTomo 2.$dFirenze : Giuntina, 2019.$w()342309 996 $6020$a978-88-8057-798-0$9(OLS)http://semarc/number/291350 996 $6245$a19: Trattato Qiddushìn (Matrimonio)$9(OLS)http://semarc/title/431156 996 $6264$aFirenze :$bGiuntina$9(OLS)http://semarc/publisher/31954